Bathroom

Elmentve itt :
Bibliográfiai részletek
Szerző: Smányi Réka
További közreműködők: Felházi Ágnes Judit (Témavezető)
Dokumentumtípus: Szakdolgozat
Megjelent: 2023
Tárgyszavak:
Online Access:http://diploma.bibl.u-szeged.hu/140425
LEADER 00614nta a2200181 i 4500
001 dipl140425
005 20241122104700.0
008 240510s2023 hu om 000 hun d
040 |a SZTE Diploma Repozitórium  |b hun 
041 |a hun 
100 1 |a Smányi Réka 
245 1 0 |a Bathroom  |h [elektronikus dokumentum] /  |c Réka Smányi 
260 |c 2023 
650 4 |a Pedagógusképzés 
650 4 |a Humanities 
650 4 |a Arts (arts, history of arts, performing arts, music) 
700 0 1 |a Felházi Ágnes Judit  |e ths 
856 4 0 |u https://diploma.bibl.u-szeged.hu/id/eprint/140425/1/2023_smanyi_reka_portfolio.pdf  |z Dokumentum-elérés